000 00313nam a2200121Ia 4500
008 190216s9999||||xx |||||||||||||| ||und||
100 _aBarber C L
245 4 _aThe Story Of Langauge
260 _bThe English Language Book Society
_c1964
300 _a294p
650 _aEnglish Story-English Story
942 _cBK
999 _c12886
_d12886